| 000 | 00435pam a2200157 a 4500 | ||
|---|---|---|---|
| 020 |
_a- _c |
||
| 041 | _h | ||
| 082 |
_a610.72 _bPHA |
||
| 100 | _aPHADKE, M . | ||
| 245 |
_aKNOWLEDGE UPDATE PROGRAMME - MUHS TRS VOL-19 / _cNULL. _hTextual Documents |
||
| 260 |
_aNULL : _bMHA.UNI.OF HEALTH SCIENCE , _c2007. |
||
| 300 |
_a35 : : _b- ; ; _cA4 . + _ePB. |
||
| 504 | _aMEDICAL EDUCATION | ||
| 653 | _aKNOWLEDGE(GENERAL) | ||
| 930 | _a3123 | ||
| 999 |
_c797657 _d797657 |
||